European Journal of International Management

Guardado en:
Detalles Bibliográficos
Formato: Seriadas
Lenguaje:inglés
Publicado: Geneve Inderscience Enterprises Limited
Etiquetas: Agregar Etiqueta
Sin Etiquetas, Sea el primero en etiquetar este registro!

MARC

LEADER 00000nas1a2200000 4500
001 0271988
005 20250701092118.9
022 |a 1751-6765 
022 |a 1751-6757 
041 0 |a eng 
044 |a CH 
245 1 0 |a European Journal of International Management 
264 1 |a Geneve  |b Inderscience Enterprises Limited